अग्नि की उड़ानः (Record no. 67189)

MARC details
000 -LEADER
fixed length control field 01267nam a22002177a 4500
005 - DATE AND TIME OF LATEST TRANSACTION
control field 20120526111632.0
010 ## - LCCN (DPL NO)
LC control number
020 ## - INTERNATIONAL STANDARD BOOK NUMBER
International Standard Book Number 8173152934
Terms of availability 200.00
035 ## - SYSTEM CONTROL NUMBER
System control number A-982112
037 ## - SOURCE OF ACQUISITION
Source of stock number/acquisition प्रभात प्रकाशन
082 ## - DEWEY DECIMAL CLASSIFICATION NUMBER
Classification number 509.9
100 ## - MAIN ENTRY--PERSONAL NAME
Personal name कलाम, ए.पी.जे.अब्दुल
245 ## - TITLE STATEMENT
Title अग्नि की उड़ानः
Statement of responsibility, etc ए.पी.जे.अब्दुल कलाम; आर्येंद्र उपाध्याय द्वारा अनुदित
Remainder of title (आत्मकथा) /
260 ## - PUBLICATION, DISTRIBUTION, ETC. (IMPRINT)
Place of publication, distribution, etc दिल्ली
Name of publisher, distributor, etc प्रभात प्रकाशन
Date of publication, distribution, etc 2000
270 ## - ADDRESS
Address 4/19 आसफ अली रोड
City दिल्ली
Postal code 110002
300 ## - PHYSICAL DESCRIPTION
Extent 194पृ
Dimensions 22सेमी (सजिल्द)
Other physical details सचित्र
700 ## - ADDED ENTRY--PERSONAL NAME
Personal name उपाध्याय, आर्येंद्र
9 (RLIN) 22284
942 ## - ADDED ENTRY ELEMENTS (KOHA)
Source of classification or shelving scheme Dewey Decimal Classification
Item type Hindi Books
Call number suffix अब्दुल
Classification part 509.9
Holdings
Withdrawn status Lost status Not for loan Collection code Home library Current library Date acquired Cost, normal purchase price Full call number Barcode Cost, replacement price Koha item type
      Non-fiction Sarojini Nagar Sarojini Nagar 26/05/2012 200.00 509.9 अब्दुल A-982112 200.00 Hindi Books

© Delhi Public Library
Hit Counter
free hit counter